[Event "7th Gashimov Memorial-Rapid 2021"]
[Site "Baku"]
[Date "2021.12.18"]
[Round "1.1"]
[White "Caruana, Fabiano"]
[Black "Asadli, Vugar"]
[Result "1-0"]
[WhiteElo "2792"]
[BlackElo "2579"]
[Annotator "TA"]
[PlyCount "92"]
[EventDate "2021.12.17"]
[EventType "tourn"]
[EventCountry "AZE"]
[SourceTitle "playchess.com"]
[Source "ChessBase"]
[SourceQuality "1"]

{[%evp 20,92,35,0,38,28,35,28,38,29,50,38,80,64,92,97,155,154,160,117,127,96,
102,70,72,45,37,50,66,61,129,106,115,111,118,124,117,90,133,139,180,181,170,
168,179,177,205,157,164,129,179,184,183,185,183,163,147,140,299,288,321,314,
331,313,340,354,388,351,403,314,406,397,400,383,401]} 1. d4 {Malakoff/Primel,D}
d5 2. c4 e6 3. Nc3 Nf6 4. cxd5 exd5 5. Bg5 c6 6. Qc2 h6 7. Bh4 Be7 8. e3 O-O 9.
Nf3 Nbd7 10. Bd3 Re8 11. Bg3 b6 {D36: Queen's Gambit Declined: Exchange
Variation: Main line (5 Bg5 c6 6 Qc2).} 12. O-O {[%cal Oc3b5]} Bb7 13. h3 a6 {
White has an edge.} 14. Rad1 {[#]} Bb4 $146 ({Predecessor:} 14... c5 15. Bf5 c4
16. Ne5 b5 17. Ne2 Nf8 18. Qd2 Bd6 19. f4 Qc7 20. Bh2 Rad8 {0-1 (26) Nguyen,C 
(2439)-Sveshnikov,V (2385) Malakoff 2009 EXT 2010 [Malakoff/Primel,D]}) 15. Bf5
Qe7 (15... Bxc3 $14 {was preferrable.} 16. bxc3 (16. Qxc3 Ne4 $14) 16... Ne4)
16. Bh4 $16 {White is more active.} g5 17. Bg3 Bd6 (17... Bxc3 $142 18. Qxc3 (
18. bxc3 a5 $16) 18... Ne4) 18. Bxd6 Qxd6 19. Rfe1 (19. h4 $142) 19... Re7 20.
Qb3 Rae8 21. Na4 {[%cal Bc3a4,Ba4c5,Bc5d3,Bd3b4,Bb4c6,Bc6a5,Ba5b3,Bb3d2][%mdl
32]} b5 22. Bxd7 (22. Rc1 {looks sharper.} Bc8 23. Nc3 c5 24. dxc5 Nxc5 25. Qc2
) 22... Nxd7 23. Rc1 Bc8 24. Nc5 Nf8 (24... Nxc5 $14 25. Rxc5 g4 26. hxg4 Bxg4)
25. Nd3 f6 26. Qb4 Qc7 27. Qc5 Bb7 28. Nb4 {[%cal Ob4d5] Nxd5! is the strong
threat.} Ne6 (28... Rc8 $142) 29. Qc2 Qd6 (29... Rg7 $16) 30. Nxc6 $18 Rg7 {
[#] Prevents Qg6.} 31. Na5 $1 Bc8 32. Nb3 {Pair of Knights!} Nf8 33. Nbd2 h5
34. e4 g4 (34... Qd8 $16 {is a better defense.} 35. exd5 Rxe1+ 36. Rxe1 (36.
Nxe1 Bb7 $16) 36... Bb7) 35. hxg4 hxg4 {[#]} 36. e5 $1 $36 {[%mdl 2048] White
is in control.} fxe5 37. Nxe5 Qh6 {[#]} 38. Nf1 $1 {[%cal Oe5g4] Hoping for
Nxg4!} ({Don't play} 38. Qc6 Re6 39. Qc3 (39. Qxc8 Rh7 $11) 39... Bd7 $14)
38... Be6 {Black cannot hold the game after this.} (38... Rh7 $2 39. Ng3) (
38... Ne6 $16 39. Qb1 (39. Qc6 Rf8 $16) 39... Rf8) 39. Ng3 ({Don't take} 39.
Qd2 $6 Qxd2 40. Nxd2 Ng6 41. Nxg4 Rf8 $18) 39... Rh7 40. Qd3 Qf4 (40... Rc8 $2
41. Rc5 $18) 41. Qe3 Qf6 42. Rc6 Qh4 43. Qf4 b4 44. Re3 Qh2+ 45. Kf1 {Dancing
on a razor blade.} Qh4 46. Ke2 Rg7 {Weighted Error Value: White=0.13 (very
precise) /Black=0.25 (precise)} 1-0

[Event "7th Gashimov Memorial-Rapid 2021"]
[Site "Baku"]
[Date "2021.12.18"]
[Round "1.1"]
[White "Anand, Viswanathan"]
[Black "Mamedov, Rauf"]
[Result "1-0"]
[WhiteElo "2751"]
[BlackElo "2656"]
[Annotator "TA"]
[PlyCount "97"]
[EventDate "2021.12.17"]
[EventType "tourn"]
[EventCountry "AZE"]
[SourceTitle "playchess.com"]
[Source "ChessBase"]
[SourceQuality "1"]

{[%evp 25,97,27,31,39,88,91,118,107,122,113,103,123,109,118,129,114,150,146,
146,109,148,148,132,132,175,177,302,323,324,322,300,338,502,328,326,335,320,
324,312,318,316,313,288,276,515,539,523,507,550,579,784,630,1429,1382,4049,
3245,2622,2095,1665,1323,7630,9053,6856,7336,5022,3325,29964,29966,29971,29972,
29971,29972,29970,5679]} 1. e4 c5 2. Nf3 d6 3. d4 cxd4 4. Nxd4 Nf6 5. Nc3 g6 6.
Be3 Bg7 7. f3 Nc6 8. Qd2 O-O 9. O-O-O d5 10. Qe1 e5 11. Nxc6 bxc6 12. exd5 Nxd5
13. Bc4 Be6 14. Kb1 {B76: Sicilian Dragon: Yugoslav Attack, 9 g4 and 9 0-0-0.}
f5 (14... Re8 $14 {was preferrable.}) 15. Qd2 $16 {[%cal Rc3d5] [#]} e4 $146 ({
Predecessor:} 15... Qh4 16. Bb3 Nxc3+ 17. Qxc3 Bxb3 18. axb3 a5 19. Qxc6 a4 20.
g3 Qh3 21. bxa4 Rfc8 22. Qe6+ Kh8 23. Rd7 Rxc2 24. Rhd1 {1-0 (24) Moiseenko,V 
(2519)-Lekic,D (2330) Agios Ioannis 2019}) 16. Nxd5 {White is better.} cxd5 17.
Bxd5 Qxd5 18. Qxd5 Bxd5 19. Rxd5 f4 20. Bc5 Rfb8 21. b3 (21. fxe4 Rxb2+ 22. Kc1
Rxa2 $11) 21... e3 22. Bd6 Rd8 23. c4 g5 24. Kc2 Rac8 {[#]} (24... Kf7 $16 {
might work better.}) 25. Rhd1 $1 $18 a5 (25... h6 $142) 26. Be7 ({Worse is} 26.
Rxa5 e2 27. Re1 Rxd6 28. Rxe2 h6 $11) 26... Rxd5 27. Rxd5 {[%mdl 4096] Endgame
KRB-KRB} e2 28. Kd2 Rc6 (28... Kf7 $142 29. Bxg5 Re8) 29. Bxg5 Re6 30. Bh4 Bb2
31. Rxa5 Re3 {[#] Strongly threatening ...Bc3+.} 32. Rg5+ Kh8 {And now ...Bc3+
would win.} 33. Rf5 Bc3+ 34. Kc2 e1=Q $2 (34... Bb4 35. Rb5 (35. Rxf4 Rc3+ 36.
Kb2 Rd3 $11) 35... e1=Q 36. Bxe1 Bxe1) 35. Bxe1 Bxe1 36. Rxf4 {Black must now
prevent Re4. KRB-KR} Bb4 37. c5 Bxc5 38. Re4 Rxe4 39. fxe4 {Hoping for a4.
KB-KP} Kg7 40. a4 {[%cal Ba2a4,Ba4a5,Ba5a6][%mdl 32]} Kf6 41. Kd3 Ke5 42. a5
Bg1 43. h3 {[%cal Bh2h3,Bh3h4][%mdl 32]} Kd6 44. b4 Bf2 45. g4 {[%cal Bg2g4,
Bg4g5][%mdl 32]} h6 46. Kc4 {White mates.} Be1 47. a6 Bf2 48. h4 Kc7 49. g5 {
Weighted Error Value: White=0.07 (flawless) /Black=0.63} 1-0

[Event "7th Gashimov Memorial-Rapid 2021"]
[Site "Baku"]
[Date "2021.12.18"]
[Round "1.1"]
[White "Karjakin, Sergey"]
[Black "Rapport, Richard"]
[Result "0-1"]
[WhiteElo "2743"]
[BlackElo "2763"]
[Annotator "TA"]
[PlyCount "58"]
[EventDate "2021.12.17"]
[EventType "tourn"]
[EventCountry "AZE"]
[SourceTitle "playchess.com"]
[Source "ChessBase"]
[SourceQuality "1"]

{[%evp 13,58,16,45,19,32,18,25,18,56,40,63,37,48,42,29,9,11,3,30,31,61,50,44,
-31,16,0,77,-14,0,0,0,-36,-36,-17,-26,-24,-31,-90,-77,-304,-312,-711,-319,-342,
-325,-767,-379]} 1. e4 e6 2. d4 d5 3. Nc3 Bb4 4. e5 c5 5. a3 Bxc3+ 6. bxc3 Nc6
7. Qg4 g6 8. Qd1 {C18: French: 3 Nc3 Bb4: Main line: 7 h4 and 7 Qg4.} ({
Much worse is} 8. dxc5 Nxe5 9. Bb5+ Bd7 $11) 8... Bd7 $5 {[%mdl 4] Exploring
less charted territory.} 9. Nf3 Qa5 10. Bd2 {White has an edge.} c4 11. h4 h6
12. a4 O-O-O 13. Qc1 {[#]} f6 $146 ({Predecessor:} 13... f5 14. Qa3 Nge7 15. g3
Rh7 16. Bg2 Kb8 17. Ke2 Nc8 18. Rhb1 Rg8 19. Rb5 Qd8 {½-½ (111) Van Weersel,
A (2176)-Rajlich,I (2419) Warsaw 2012}) 14. Qa3 Rh7 15. Bf4 fxe5 16. Nxe5 Nxd4
17. O-O-O Nc6 {[#]} 18. Nxg6 (18. Bxc4 $1 $14 Qc7 19. Nxg6) 18... b5 (18... Rf7
$15) 19. Ne5 Nge7 {[#]} (19... Qxa4 $11 20. Qd6 Nf6 $1) 20. Rh3 (20. Qc5 $1 $16
bxa4 21. Qxa5 Nxa5 22. g3) 20... Nxe5 21. Bxe5 Nc6 $36 {[%mdl 2048] Black has
the initiative.} 22. Bh2 Rf7 23. Rf3 Rxf3 24. gxf3 Qxa4 25. Qd6 (25. Qxa4 $15
bxa4 26. Bd6) 25... Qa5 $17 26. Bh3 $2 {Loses the game.} (26. Kb2 $17 {was
worth a try.}) 26... Kb7 $19 27. Kb2 $2 (27. Qc5 d4 28. Rxd4 Nxd4 29. cxd4)
27... d4 (27... b4 $142 28. cxb4 Nxb4) 28. Rxd4 {aiming for Rg4.} Bc8 {Dancing
on a razor blade.} ({Don't blunder} 28... Nxd4 $2 29. Qxd4 b4 30. cxb4 Qxb4+
31. Kc1 $19) 29. Qg3 (29. Qc5 Nxd4 30. cxd4) 29... Rxd4 {Weighted Error Value:
White=0.76/Black=0.37} (29... Nxd4 $142 30. Qb8+ Ka6) 0-1

[Event "7th Gashimov Memorial-Rapid 2021"]
[Site "Baku"]
[Date "2021.12.18"]
[Round "1.1"]
[White "Navara, David"]
[Black "Mamedyarov, Shakhriyar"]
[Result "0-1"]
[WhiteElo "2697"]
[BlackElo "2767"]
[Annotator "TA"]
[PlyCount "64"]
[EventDate "2021.12.17"]
[EventType "tourn"]
[EventCountry "AZE"]
[SourceTitle "playchess.com"]
[Source "ChessBase"]
[SourceQuality "1"]

{[%evp 18,64,25,9,13,0,10,0,0,0,0,-30,0,-18,-32,-31,-29,-67,-71,-58,-42,-52,
-53,-87,-90,-78,-64,-68,-43,-47,-29,-54,-36,-97,-102,-260,-249,-241,-247,-556,
-170,-164,-164,-674,-658,-1140,-1115,-1092,-952]} 1. e4 e5 2. Nf3 Nc6 3. Bb5 {
[%cal Bf1b5,Bb5a4,Ba4b3][%mdl 32]} a6 4. Ba4 Nf6 5. O-O Nxe4 6. d4 b5 7. Bb3 d5
8. dxe5 Be6 9. Qe2 Nc5 10. Rd1 {[%cal Ob3d5]} Nxb3 {C81: Open Ruy Lopez: Keres
Variation (9 Qe2).} 11. cxb3 Be7 12. Nc3 O-O {The position is equal.} 13. Bf4
Qd7 14. Rd2 {[#]} Nd8 $146 ({Predecessor:} 14... Rad8 15. Rad1 Qc8 16. Qe3 Qb7
17. Nxd5 Bxd5 18. Rxd5 Qc8 19. Bg5 Rxd5 20. Rxd5 Nb4 {1-0 (61) Jarmula,L (2477)
-Muzychuk,M (2560) Germany 2019}) 15. Rad1 {[%cal Rd2d5]} c6 16. h3 {Inhibits
Bg4.} Bf5 17. Nd4 Bg6 18. Qg4 Ne6 19. Be3 Rad8 20. Nf5 Bxf5 21. Qxf5 f6 22.
exf6 $1 Bxf6 23. Qg4 $1 Qf7 24. Ne2 {Inhibits d4.} h5 25. Qg3 {[#]} (25. Qf5
$15) 25... c5 $1 $17 {Threatens to win with ...d4.} 26. Rxd5 {Loses the game.}
(26. f4 $17 {is a better defense.}) 26... Nd4 $1 $19 {[%mdl 64] X-Ray Attack}
27. R5xd4 cxd4 28. Nxd4 (28. Bf4) 28... Rd5 $2 (28... Qa7 29. Kf1 (29. Qf4 $2
Qe7 $19) 29... Rd7) 29. Rd2 Be5 $36 {[%mdl 3072] Black has strong compensation.
Keeping White busy.} 30. Qh4 (30. Qf3) 30... Qg6 {[#] ( -> ...Qb1+). Black is
clearly winning.} 31. g3 Bf6 32. Qf4 Bxd4 {Weighted Error Value: White=0.77/
Black=0.19 (very precise)} 0-1

[Event "7th Gashimov Memorial-Rapid 2021"]
[Site "Baku"]
[Date "2021.12.18"]
[Round "1.2"]
[White "Mamedyarov, Shakhriyar"]
[Black "Navara, David"]
[Result "1/2-1/2"]
[WhiteElo "2767"]
[BlackElo "2697"]
[Annotator "TA"]
[PlyCount "70"]
[EventDate "2021.12.17"]
[EventType "tourn"]
[EventCountry "AZE"]
[SourceTitle "playchess.com"]
[Source "ChessBase"]
[SourceQuality "1"]

{[%evp 15,70,0,16,0,0,0,0,0,0,0,0,0,18,20,12,15,38,0,7,15,31,21,40,29,58,69,82,
73,74,56,79,29,104,94,123,117,123,108,154,0,0,0,0,0,0,0,0,0,0,0,0,0,0,0,0,0,0]
} 1. d4 Nf6 2. c4 e6 3. Nf3 b6 4. a3 Ba6 5. Qc2 Bb7 6. Nc3 c5 7. dxc5 bxc5 8.
Bf4 Nh5 9. Bg5 {E12: Queen's Indian: Unusual White 4th moves, 4 a3, 4 Nc3 Bb7
5 a3 and 4 Nc3 Bb7 .} Be7 10. Bxe7 Qxe7 11. e3 O-O 12. Be2 Nf6 13. O-O {
[%cal Ob2b4]} Rd8 14. b4 d6 15. Rfd1 Nbd7 {[#]} 16. Rab1 $146 ({Predecessor:} 
16. b5 Nb6 17. a4 a5 18. Nb1 d5 19. Nbd2 Qc7 20. Rdc1 Rac8 21. cxd5 Bxd5 22.
Qc3 {1-0 (53) Fremmegaard,J (1856)-Moujan,P ICCF email 2016}) 16... Rab8 17. b5
d5 18. a4 dxc4 19. Bxc4 Ng4 20. Be2 Nde5 21. Nxe5 Nxe5 22. Rxd8+ Rxd8 23. Rd1 (
23. Ne4 $16) 23... h5 (23... Rxd1+ $11 24. Qxd1 (24. Bxd1 c4 $11) 24... Qc7)
24. Bxh5 $16 c4 {[#]} 25. Be2 $1 Qg5 {[%csl Gb7][%cal Rg5g2]} 26. e4 Nd3 ({
Black should play} 26... Qh4 27. Qc1 a6) 27. Bxd3 $2 (27. h4 $16 Qxh4 28. Bxd3
cxd3 29. Rxd3) 27... cxd3 $11 {The position is equal.} 28. Rxd3 Rxd3 29. Qxd3
Qc1+ 30. Nd1 {[#] Strongly threatening f3.} Bxe4 31. Qd8+ Kh7 {Hoping for ...
f6.} 32. Qh4+ Kg8 {[%cal Rc1d1]} 33. Qd8+ Kh7 34. Qh4+ Kg8 {[%cal Rc1d1]} 35.
Qd8+ Kh7 {Weighted Error Value: White=0.10 (very precise) /Black=0.16 (very
precise)} 1/2-1/2

[Event "7th Gashimov Memorial-Rapid 2021"]
[Site "Baku"]
[Date "2021.12.18"]
[Round "1.2"]
[White "Rapport, Richard"]
[Black "Karjakin, Sergey"]
[Result "1-0"]
[WhiteElo "2763"]
[BlackElo "2743"]
[Annotator "TA"]
[PlyCount "110"]
[EventDate "2021.12.17"]
[EventType "tourn"]
[EventCountry "AZE"]
[SourceTitle "playchess.com"]
[Source "ChessBase"]
[SourceQuality "1"]

{[%evp 17,110,64,66,54,69,62,66,54,65,60,68,58,60,60,67,45,45,54,56,10,77,0,75,
70,79,50,55,25,117,102,104,87,90,38,138,140,182,160,235,236,241,222,221,204,
385,343,453,0,0,0,0,0,0,0,0,0,361,349,269,221,894,812,607,73,113,6,253,241,
1701,1620,1662,1635,1537,1428,1986,1855,1464,1324,1037,0,0,0,676,0,30,0,0,0,0,
0,12844,12844,12845,12845,12846]} 1. e4 c5 2. Nf3 d6 3. Bb5+ Nd7 4. d4 cxd4 5.
Qxd4 Ngf6 6. Bg5 a6 7. Bxd7+ Bxd7 8. O-O h6 9. Bxf6 gxf6 10. c4 {B51: Sicilian:
Moscow Variation (3 Bb5+) without 3...Bd7.} e6 11. Nc3 Be7 12. a4 {White is
more active. White is slightly better.} Qa5 {[#]} 13. Rab1 $146 ({Predecessor:
} 13. b3 Rc8 14. Qd3 Rg8 15. Kh1 h5 16. Ra2 h4 17. Nd4 Qh5 18. Re1 Qg5 19. f3 {
½-½ (39) Belozerov,A (2512)-Motylev,A (2680) Sochi 2017}) 13... Qb4 14. b3 h5
15. Rfd1 h4 16. Ne1 Qc5 17. Qd3 Rc8 18. Nc2 (18. h3 $14 {was preferrable.})
18... Qg5 (18... h3 $11 {keeps the balance.}) 19. b4 (19. Ne3 $16) 19... Rg8 (
19... f5 $11) 20. Ne3 $1 $16 Rd8 21. Qe2 Kf8 22. a5 Kg7 (22... f5 $1 $11 {
remains equal.} 23. exf5 exf5) 23. Kh1 Kh8 24. Rf1 Qh6 25. f4 (25. h3 $16)
25... h3 (25... f5 $1 $14) 26. g4 $1 Qh4 (26... f5 $16) 27. f5 Rg7 (27... d5
$16 {was worth a try.} 28. fxe6 (28. cxd5 exf5 29. Nxf5 Bxf5 $14) (28. exd5
exd5 29. Ncxd5 Bc6 $16) 28... fxe6 29. exd5 Bf8) 28. Rf3 $1 $18 Rdg8 29. Rg1
Rh7 30. Rgg3 d5 $2 (30... Bd8 31. Qd3 (31. Rxh3 Qxh3 32. Rxh3 Rxh3 $16) (31.
Qf1 Qg5 $16) 31... Bc7) 31. exd5 Bd6 32. Rxh3 $2 ({White should play} 32. Ne4
$18 Bxg3 33. hxg3) 32... Qxh3 $11 33. Rxh3 Rxh3 34. Ne4 {[%csl LRd6,LRf6]}
Rxh2+ 35. Qxh2+ Bxh2 36. Kxh2 exf5 $2 {[%mdl 8192]} (36... exd5 $11 37. Nxd5
Ba4) 37. Nxf6 {[%mdl 4096] Endgame KRB-KNN} f4 38. Ng2 ({Avoid the trap} 38.
Nxg8 $2 fxe3 39. Kg2 Kxg8 $19) 38... Rc8 $2 (38... Rd8 39. Nxf4 (39. Nxd7 Rxd7
40. Nxf4 Kg7 $11) 39... Ba4) 39. Nxd7 $18 Rxc4 40. Ne5 $2 (40. Nh4 $18 {
and White stays clearly on top.} Rd4 41. Nf6 Rxb4 42. d6) 40... Rd4 $16 41. d6
(41. Nxf7+ $16 Kg8 42. Nh6+ Kf8 43. Nf5 Rxb4 44. g5) 41... f6 $2 (41... Kg8 $1
$11 {and Black is okay.}) 42. Ng6+ $1 $18 {[%cal Be5g6,Bg6h4,Bh4f5][%mdl 32]}
Kg7 $2 (42... Kh7 43. N6xf4 (43. N2xf4 Rxd6 44. Ne7 b6 $14) 43... Rxd6) 43.
N6h4 {Hoping for Nf5+.} Kf7 44. Nf5 Rd2 {[#]} 45. Kg1 $1 f3 46. Nf4 Ke8 47. Kf1
Kd7 48. Nh5 $2 (48. Ke1 $18 f2+ 49. Kf1) 48... Ke6 $11 49. Nf4+ Ke5 $2 {
[%mdl 8192]} (49... Kd7 $11 50. Ke1 Rh2) 50. Nh5 $2 ({White has to play} 50.
Ng6+ $18 Ke6 51. Nf8+ Kd5 52. Nd7) 50... Rb2 51. Ke1 f2+ $1 52. Kf1 {Threatens
to win with Nhg3.} Rxb4 53. Kxf2 Rxg4 $2 {[%mdl 8192] [#]} (53... Rb5 $11) 54.
d7 $1 $18 Rg8 {[#]} 55. Nh6 $1 Kd5 {Weighted Error Value: White=0.62/Black=0.72
} 1-0

[Event "7th Gashimov Memorial-Rapid 2021"]
[Site "Baku"]
[Date "2021.12.18"]
[Round "1.2"]
[White "Karjakin, Sergey"]
[Black "Rapport, Richard"]
[Result "0-1"]
[WhiteElo "2743"]
[BlackElo "2763"]
[Annotator "TA"]
[PlyCount "58"]
[EventDate "2021.12.17"]
[EventType "tourn"]
[EventCountry "AZE"]
[SourceTitle "playchess.com"]
[Source "ChessBase"]
[SourceQuality "1"]

{[%evp 13,58,18,54,13,29,24,37,30,47,46,67,31,34,45,35,5,20,20,37,27,30,40,53,
-10,22,0,71,-35,0,0,0,-35,-36,-34,-35,-34,-29,-77,-88,-328,-289,-720,-309,-363,
-347,-755,-352]} 1. e4 e6 2. d4 d5 3. Nc3 Bb4 4. e5 c5 5. a3 Bxc3+ 6. bxc3 Nc6
7. Qg4 g6 8. Qd1 {C18: French: 3 Nc3 Bb4: Main line: 7 h4 and 7 Qg4.} ({
Of course not} 8. dxc5 Nxe5 9. Qg3 Nd7 $11) (8. Nf3 $14 {feels stronger.}) 8...
Bd7 $5 {[%mdl 4] Exploring less charted territory.} 9. Nf3 Qa5 10. Bd2 {
White is slightly better.} c4 11. h4 h6 12. a4 O-O-O 13. Qc1 {[#]} f6 $146 ({
Predecessor:} 13... f5 14. Qa3 Nge7 15. g3 Rh7 16. Bg2 Kb8 17. Ke2 Nc8 18. Rhb1
Rg8 19. Rb5 Qd8 {½-½ (111) Van Weersel,A (2176)-Rajlich,I (2419) Warsaw 2012}
) 14. Qa3 Rh7 15. Bf4 fxe5 16. Nxe5 Nxd4 17. O-O-O Nc6 {[#]} 18. Nxg6 ({
White should play} 18. Bxc4 $1 $14 Qc7 19. Nxg6) 18... b5 19. Ne5 {And now Qc5
would win.} Nge7 {[#]} (19... Nf6 $11) 20. Rh3 (20. Qc5 $1 $16 bxa4 21. Qxa5
Nxa5 22. g3) 20... Nxe5 21. Bxe5 Nc6 $36 {[%mdl 2048] Black fights for an
advantage.} 22. Bh2 Rf7 23. Rf3 Rxf3 24. gxf3 Qxa4 25. Qd6 (25. Qxa4 $11 bxa4
26. Bd6) 25... Qa5 $17 {White must now prevent ...Kb7.} 26. Bh3 $2 {This move
loses the game for White.} (26. Kb2 $17 {keeps fighting.}) 26... Kb7 $19 27.
Kb2 $2 (27. Qc5 d4 28. Kb1) 27... d4 (27... b4 $142 28. cxb4 Nxb4 29. Qc7+ Qxc7
30. Bxc7 Kxc7) 28. Rxd4 Bc8 {The board is on fire.} ({Don't go for} 28... Nxd4
$2 29. Qxd4 b4 30. cxb4 Qxb4+ 31. Kc1 $19) 29. Qg3 (29. Qc5 Nxd4 30. cxd4)
29... Rxd4 {Weighted Error Value: White=0.81/Black=0.38} (29... Nxd4 $142 30.
Qb8+ Ka6) 0-1

[Event "7th Gashimov Memorial-Rapid 2021"]
[Site "Baku"]
[Date "2021.12.18"]
[Round "1.2"]
[White "Mamedov, Rauf"]
[Black "Anand, Viswanathan"]
[Result "1-0"]
[WhiteElo "2656"]
[BlackElo "2751"]
[Annotator "TA"]
[PlyCount "69"]
[EventDate "2021.12.17"]
[EventType "tourn"]
[EventCountry "AZE"]
[SourceTitle "playchess.com"]
[Source "ChessBase"]
[SourceQuality "1"]

{[%evp 11,69,0,0,-13,-17,-6,2,-8,0,0,22,29,20,8,25,0,31,0,107,107,115,103,112,
117,104,110,150,112,102,73,118,109,245,0,0,0,0,-33,0,0,8,2,0,0,64,64,79,53,183,
167,162,168,165,171,163,165,156,150,327,305]} 1. e4 e5 2. Nf3 Nc6 3. Bc4 Bc5 4.
c3 Nf6 5. d4 exd4 6. cxd4 Bb4+ 7. Nbd2 {C54: Giuoco Piano: 4 c3 Nf6, main
lines with 5 d4 and 5 d3.} Nxe4 8. d5 $1 {8.d5 scores better than 8.0-0.} Ne7
9. O-O {The position is equal.} Bxd2 10. Nxd2 Nf6 11. Nf3 {[%mdl 1024] White
has compensation.} O-O {[%cal Ob7b5]} 12. Bg5 {[%cal Bc1g5,Bg5h4,Bh4g3][%mdl
32] [#]} Ng6 $146 ({Predecessor:} 12... d6 13. Bxf6 gxf6 14. Nd4 f5 15. Nf3 Ng6
16. Qd4 Re8 17. Rfe1 Bd7 18. Bd3 Rxe1+ 19. Rxe1 {½-½ (52) Mamedov,R (2673)
-Alekseenko,K (2710) Terme Catez 2021}) 13. h4 {[%cal Bh2h4,Bh4h5][%mdl 32]} h6
14. h5 $1 Nh8 (14... Ne5 $1 $11 15. Nxe5 hxg5) 15. Bh4 $1 $16 d6 16. Qd4 c5 17.
dxc6 $1 bxc6 18. Rfd1 {[%cal Of3e5]} d5 19. Bd3 Qd6 20. Bg3 Qe6 (20... Qd7 $142
) 21. Re1 {White is much more active.} Qg4 (21... Qd7 $16) 22. Qc5 $2 (22. Bd6
$1 $18) 22... Bf5 $11 23. Bxf5 Qxf5 24. Re5 Qc8 25. Qc2 Re8 26. Rxe8+ Qxe8 27.
Re1 {[%cal Ba1e1,Be1e7,Be7e5][%mdl 32]} Qd7 (27... Qc8 $11) 28. Ne5 $14 {
[%csl LRc6,LRd7][%cal Bf3e5,Be5c6,Bc6e7,Be7d5][%mdl 32]} Qe6 29. f3 $1 ({
Much weaker is} 29. Qxc6 Rc8 30. Qb7 Nxh5 $11) 29... d4 (29... Qd6 $1 $14) 30.
Nxc6 d3 31. Qc3 $36 {[%mdl 2048] White is on the roll.} Qd7 32. Re7 Qd5 {
[#] aiming for ...d2.} 33. Re5 $1 {Threatens to win with Ne7+.} ({Don't go for
} 33. Rxa7 $2 Rxa7 34. Nb4 Qxh5 $19) 33... Qd7 {[#] White must now prevent ...
d2.} 34. Ne7+ $1 Kh7 $2 {[#]} (34... Kf8 $16 {keeps fighting.} 35. Bf4 Nxh5 36.
Rxh5 Qxe7) 35. Nd5 $1 {[%mdl 512] Weighted Error Value: White=0.12 (very
precise) /Black=0.36} 1-0

[Event "7th Gashimov Memorial-Rapid 2021"]
[Site "Baku"]
[Date "2021.12.18"]
[Round "1.2"]
[White "Asadli, Vugar"]
[Black "Caruana, Fabiano"]
[Result "1/2-1/2"]
[WhiteElo "2579"]
[BlackElo "2792"]
[Annotator "TA"]
[PlyCount "53"]
[EventDate "2021.12.17"]
[EventType "tourn"]
[EventCountry "AZE"]
[SourceTitle "playchess.com"]
[Source "ChessBase"]
[SourceQuality "1"]

{[%evp 17,53,0,0,0,0,-6,13,6,0,0,19,0,0,0,0,0,14,0,0,-3,-2,-20,-2,-6,-1,0,-2,
-15,0,-28,-17,-70,0,0,16,17,44,28]} 1. e4 e5 2. Nf3 Nc6 3. Nc3 Nf6 4. d4 exd4
5. Nxd4 Bb4 6. Nxc6 bxc6 7. Bd3 d5 8. exd5 O-O 9. O-O cxd5 10. h3 {C47: Scotch
Four Knights and Four Knights with 4 g3.} c6 11. Qf3 h6 12. Bf4 {The position
is equal.} Bd6 13. Rfe1 Be6 14. Rad1 Bxf4 15. Qxf4 Qb8 16. Qxb8 Raxb8 17. Na4
Rfc8 {[#]} 18. b3 $146 ({Predecessor:} 18. Nc5 Rxb2 19. Nxe6 fxe6 20. Rxe6 Kf7
21. Bf5 Rc7 22. Re3 Rxa2 23. Be6+ {½-½ (65) Kovchan,A (2582)-Lin,C (2468)
Albena 2015}) 18... c5 19. g4 g5 20. Re5 Nd7 21. Re2 Kg7 22. Kg2 Rb4 23. c3 Rf4
24. c4 (24. f3 $11) 24... d4 (24... Nb6 $15 25. Nxb6 axb6) 25. Rde1 $11 Nb6 26.
Nb2 Bd7 27. Be4 {Weighted Error Value: White=0.11 (very precise) /Black=0.10 
(very precise)} 1/2-1/2